A Stone for Danny Fisher
Đã lưu trong:
| Tác giả chính: | |
|---|---|
| Định dạng: | Sách |
| Ngôn ngữ: | Tiếng Anh |
| Được phát hành: |
Londres
New English Library
1974
|
| Phiên bản: | 5a. ed |
| Những chủ đề: | |
| Các nhãn: |
Thêm thẻ
Không có thẻ, Là người đầu tiên thẻ bản ghi này!
|
MARC
| LEADER | 00000cam a2200000 a 4500 | ||
|---|---|---|---|
| 001 | UCF6187 | ||
| 003 | CL-VaPUC | ||
| 008 | 130418e19740000UK |||||||||||||||||eng|d | ||
| 082 | 0 | 4 | |a 823 |b ROB |2 21 |
| 100 | 0 | |a Robbins, Harold |e author |9 568225 | |
| 245 | 1 | 2 | |a A Stone for Danny Fisher |
| 250 | |a 5a. ed | ||
| 300 | |a 350 p | ||
| 942 | |c BK | ||
| 945 | |d 20130418 00:00:00 |a cmena | ||
| 260 | |a Londres |b New English Library |c 1974 | ||
| 650 | 0 | |a Novelas inglesas |9 265220 | |
| 650 | 0 | |a Boxeadores |9 568226 | |
| 650 | 0 | |a Literatura inglesa |9 312907 | |
| 583 | |a last modification |c 20130418 10:21:00 |k Rodrigo Vera | ||
| 999 | |c 351500 |d 351498 | ||
| 952 | |0 0 |1 0 |4 0 |6 823_000000000000000_ROB_1974 |7 0 |8 A |9 455637 |a BIBEDU |b BIBEDU |d 2019-11-22 |i 4947401 |o 823 ROB 1974 |p 4947401 |r 2019-11-22 |w 2019-11-22 |y BK |k LIT | ||